Performance of a mullite reusable insulation system in a hypersonic stream /

Bibliographic Details
Main Author: Hunt, L. Roane (Lewis Roane)
Corporate Authors: Langley Research Center, United States. National Aeronautics and Space Administration
Format: Government Document Book
Language:English
Published: Washington : U.S. National Aeronautics and Space Administration ; 1976.
Series:NASA technical memorandum ; NASA TM X-3397.
Subjects:

MARC

Tag First Indicator Second Indicator Subfields
LEADER 00000cam a2200000 i 4500
001 in00000790121
005 20151017071005.0
008 761020s1976 dcua b f00010 eng d
010 |a gp 76009615  
020 |c $3.75 (pbk. :) 
035 |a (OCoLC)02531555 
035 |9 ADP3706AM 
040 |a GPO  |c GPO  |d MvI-ran  |d MvI-ran  |d UtOrBLW 
074 |a 830-D 
086 |a NAS 1.15:X-3397 
100 1 |a Hunt, L. Roane  |q (Lewis Roane) 
245 1 0 |a Performance of a mullite reusable insulation system in a hypersonic stream /  |c L. Roane Hunt ; Langley Research Center, Hampton, Va. 
264 1 |a Washington :  |b U.S. National Aeronautics and Space Administration ;  |c 1976. 
264 2 |a Springfield, Va. :  |b For sale by the National Technical Information Service, 
300 |a 1 unnumbered page, 37 pages :  |b illustrations ;  |c 27 cm. 
336 |a text  |b txt  |2 rdacontent 
337 |a unmediated  |b n  |2 rdamedia 
338 |a volume  |b nc  |2 rdacarrier 
490 1 |a NASA technical memorandum ; NASA TM X-3397 
500 |a Cover title. 
504 |a Bibliography: page 11. 
650 0 |a Space vehicles  |x Thermodynamics. 
650 0 |a Reusable space vehicles. 
710 2 |a Langley Research Center. 
710 1 |a United States.  |b National Aeronautics and Space Administration. 
830 0 |a NASA technical memorandum ;  |v NASA TM X-3397. 
999 |a MARS 
999 f f |s cc5d16b9-8d63-34b4-9516-6181f12360e1  |i dd27df65-0284-35cf-bf63-53701bc72d78  |t 0 
952 f f |p normal  |a Texas A&M University  |b College Station  |c Sterling C. Evans Library  |d Evans: US Documents (Annex 5th floor)  |t 0  |e NAS 1.15:X-3397  |h Superintendent of Documents classification  |i unmediated -- volume  |m A14838324532 
998 f f |a NAS 1.15:X-3397  |t 0  |l Evans: US Documents (Annex 5th floor)